000 00807nas a2200277 4500
001 BR7305371
003 BR-BrBNA
005 20231205082524.0
007 ta
008 230509b bl.|||p| |||| 00| 00por d
040 _aBR-BrBNA
_bpor
_cBiblioteca Nacional de Agricultura
041 _a(Pt)
072 _aL70
100 1 _aLazzeri, L.
100 1 _aCarneiro, M.I.
100 1 _aMassone, F.
100 1 _aMuchaluat, M.A.
100 1 _aCastilho, L.M. de
245 1 _aDescornamento plastico em bovinos
650 _aVETERINARIA
650 _aBOVINO
650 _aDESCORNA
773 0 _tAnais da Escola de Agronomia e Veterinaria - Universidade Federal de Goias (Brazil)
_xISSN 0100-218X
_g(1975), v. 5(1) p. 90-94
_wBR7305371
909 _a202311
_bLúcia
_c55
_dLúcia Elande
942 _2AGRIS
_n0
_cANA
999 _c92504
_d92504